| 000 | 00443nam a2200133Ia 4500 | ||
|---|---|---|---|
| 008 | 170221s9999 xx 000 0 und d | ||
| 100 | _aAriful Hoque | ||
| 245 | 4 | _aThe Stationarity of South Asian Real Exchange Rates Allowing for Structural Breaks | |
| 245 | _cAriful Hoque and Rajabrata Banerjee | ||
| 260 | _c2015 | ||
| 300 | _a10 : 1 | ||
| 650 | _xBusiness | ||
| 856 | _uhttp://ro.uow.edu.au/cgi/viewcontent.cgi?article=1490&context=aabfj | ||
| 999 |
_c313653 _d313653 |
||